• 首页
  • 本馆介绍
  • 公告通知
  • 最新文献
  • 馆藏检索
  • 电子资源
  • 读者导购
  • 参考咨询
  • 我的图书馆
  • 登录
  • 详细信息显示
  • 放入我的书架
  • 预约/预借图书
  • 作者相关作品
  • 分类相关作品
  • 丛书相关作品
  • 出版社相关作品

书目信息

  • 表格格式
  • 工作单格式
  • 卡片格式
题名:
赵元任歌曲选集
    
 
作者: ;人民音乐出版社 编
分册:  
出版信息: 北京   人民音乐出版社  1981.5
页数: 49页
开本: 26cm
丛书名:
单 册:
中图分类: J642.51
科图分类:
主题词: 音乐--作品--中国
电子资源:
ISBN:
000 00629nam0 2200205 45
001 0312221749
005 20040512150535.3
010    @dCNY0.65
100    @a20031222d1981 km y0chiy0120 ea
101    @achi
105    @a z 000yy
200 1  @a赵元任歌曲选集@e附钢琴伴奏@EFu Gang Qin Ban Zou@AZhao Yuan Ren Ge Qu Xuan Ji@f人民音乐出版社编@FRen MinYin Yue Chu Ban She Bian
210    @a北京@c人民音乐出版社@d1981.5
215    @a49页@d26cm
517    @a附钢琴伴奏@AFu Gang Qin Ban Zou
606 0  @a音乐@x作品@x中国
690    @aJ642.51@v3
711 02 @a人民音乐出版社@4编
801    @aCN@bTSTCL@c20031222
905    @dJ642.51@e107
    
    赵元任歌曲选集:附钢琴伴奏/人民音乐出版社编.-北京:人民音乐出版社,1981.5
    49页;26cm
    
    
    ISBN :CNY0.65
    
●
相关链接 在E读中查询图书 在五车中查询图书 在当当中查询图书 在豆瓣中查询图书


正题名:赵元任歌曲选集     索取号:J642.51/107         预约/预借

序号 登录号 条形码 馆藏地/架位号 状态 备注
1 0209345   001202460   第一借阅区/ [索取号:J642.51/107] 在馆    
2 0209346   001202451   第一样本阅览室/ [索取号:J642.51/107] 在馆    
唐山师范学院图书馆 欢迎您!
大连网信软件有限公司© 版权所有